<?xml version="1.0" encoding="UTF-8"?>
<record
    xmlns:xsi="http://www.w3.org/2001/XMLSchema-instance"
    xsi:schemaLocation="http://www.loc.gov/MARC21/slim http://www.loc.gov/standards/marcxml/schema/MARC21slim.xsd"
    xmlns="http://www.loc.gov/MARC21/slim">

  <leader>01354nam a2200349 a 4500</leader>
  <controlfield tag="001"> </controlfield>
  <controlfield tag="003">DO-SdBNP</controlfield>
  <controlfield tag="005">20220712125556.0</controlfield>
  <controlfield tag="008">130708s2010    dr ac         000 0 spa d</controlfield>
  <datafield tag="020" ind1=" " ind2=" ">
    <subfield code="a">9789945476002</subfield>
  </datafield>
  <datafield tag="040" ind1=" " ind2=" ">
    <subfield code="a">DO-SdBNP</subfield>
    <subfield code="b">spa</subfield>
    <subfield code="c">BPMSU </subfield>
  </datafield>
  <datafield tag="082" ind1=" " ind2=" ">
    <subfield code="a">928.617293</subfield>
    <subfield code="b">M843B 2010</subfield>
    <subfield code="2">22</subfield>
  </datafield>
  <datafield tag="100" ind1="1" ind2=" ">
    <subfield code="a">Barinas, Gracita</subfield>
  </datafield>
  <datafield tag="245" ind1="1" ind2="0">
    <subfield code="a">Domingo Moreno Jimenes :</subfield>
    <subfield code="b">el legado cultural de su obra en San Crist&#xF3;bal (1950-1963) /</subfield>
    <subfield code="c">Gracita Barinas, Douglas Hasb&#xFA;n Jos&#xE9;, Odal&#xED;s G. P&#xE9;rez ; pr&#xF3;logo Manuel Mora Serrano.</subfield>
  </datafield>
  <datafield tag="246" ind1="1" ind2="4">
    <subfield code="a">El Instituto de la Poes&#xED;a Osvaldo Bazil y su trascendencia </subfield>
  </datafield>
  <datafield tag="260" ind1=" " ind2=" ">
    <subfield code="a">San Crist&#xF3;bal, Rep&#xFA;blica Dominicana  :</subfield>
    <subfield code="b">Fotomegraf,</subfield>
    <subfield code="c">2010.</subfield>
  </datafield>
  <datafield tag="300" ind1=" " ind2=" ">
    <subfield code="a">175 p. :</subfield>
    <subfield code="b">ils., retrs. ;</subfield>
    <subfield code="c">22 cm.</subfield>
  </datafield>
  <datafield tag="500" ind1=" " ind2=" ">
    <subfield code="a">Incluye datos biogr&#xE1;ficos de los autores </subfield>
  </datafield>
  <datafield tag="500" ind1=" " ind2=" ">
    <subfield code="a">Incluye referencias bibliogr&#xE1;ficas y notas al pie de las p&#xE1;ginas</subfield>
  </datafield>
  <datafield tag="590" ind1=" " ind2=" ">
    <subfield code="6">Inventariado, 2022/VM</subfield>
  </datafield>
  <datafield tag="600" ind1="1" ind2="4">
    <subfield code="a">Moreno Jimenes, Domingo</subfield>
    <subfield code="d">1894-1986.</subfield>
  </datafield>
  <datafield tag="650" ind1=" " ind2="4">
    <subfield code="a">Poes&#xED;a dominicana</subfield>
  </datafield>
  <datafield tag="650" ind1=" " ind2="4">
    <subfield code="a">Literatura dominicana</subfield>
  </datafield>
  <datafield tag="700" ind1="1" ind2=" ">
    <subfield code="a">Hasb&#xFA;n Jos&#xE9;, Douglas</subfield>
  </datafield>
  <datafield tag="700" ind1="1" ind2=" ">
    <subfield code="a">P&#xE9;rez, Odal&#xED;s G.</subfield>
    <subfield code="d">1952-</subfield>
  </datafield>
  <datafield tag="700" ind1="1" ind2=" ">
    <subfield code="a">Mora Serrano, Manuel</subfield>
    <subfield code="c">1933-</subfield>
    <subfield code="e">pr&#xF3;l.</subfield>
  </datafield>
  <datafield tag="700" ind1="z" ind2=" ">
    <subfield code="a">P&#xE9;rez, Odal&#xED;s G.,       </subfield>
    <subfield code="d"> 1952-</subfield>
  </datafield>
  <datafield tag="700" ind1="z" ind2=" ">
    <subfield code="a"> P&#xE9;rez, Odal&#xED;s </subfield>
    <subfield code="d">1952-</subfield>
    <subfield code="q"> (Odal&#xED;s G.)</subfield>
  </datafield>
  <datafield tag="700" ind1="z" ind2=" ">
    <subfield code="a">Serrano, Manuel Mora</subfield>
    <subfield code="d">1933-</subfield>
  </datafield>
  <datafield tag="910" ind1=" " ind2=" ">
    <subfield code="a">VMateo V. </subfield>
  </datafield>
  <datafield tag="942" ind1=" " ind2=" ">
    <subfield code="2">ddc</subfield>
    <subfield code="c">BK</subfield>
  </datafield>
  <datafield tag="952" ind1=" " ind2=" ">
    <subfield code="0">0</subfield>
    <subfield code="1">0</subfield>
    <subfield code="2">ddc</subfield>
    <subfield code="4">0</subfield>
    <subfield code="7">0</subfield>
    <subfield code="8">CD</subfield>
    <subfield code="a">BPMET</subfield>
    <subfield code="b">BPMET</subfield>
    <subfield code="d">2022-03-15</subfield>
    <subfield code="o">BPMSU CD 928.617293 M843B 2010</subfield>
    <subfield code="p">BPMSU22030041</subfield>
    <subfield code="r">2022-03-15</subfield>
    <subfield code="w">2022-03-15</subfield>
    <subfield code="y">BK</subfield>
  </datafield>
  <datafield tag="999" ind1=" " ind2=" ">
    <subfield code="c">14080</subfield>
    <subfield code="d">14080</subfield>
  </datafield>
</record>
